20th(Twentyth) century literary criticism: (Record no. 102151)
[ view plain ]
| 000 -LEADER | |
|---|---|
| fixed length control field | 00789nam a22002297a 4500 |
| 005 - DATE AND TIME OF LATEST TRANSACTION | |
| control field | 20170320104039.0 |
| 010 ## - LCCN (DPL NO) | |
| LC control number | 1617EN ENG-117112 |
| 020 ## - INTERNATIONAL STANDARD BOOK NUMBER | |
| International Standard Book Number | 9781138695634 |
| Terms of availability | 1995.00 |
| 035 ## - SYSTEM CONTROL NUMBER | |
| System control number | B-649825-828 |
| 035 ## - SYSTEM CONTROL NUMBER | |
| System control number | EN-100644 |
| 037 ## - SOURCE OF ACQUISITION | |
| Stock number | DPL |
| Source of stock number/acquisition | UPPAL |
| 037 ## - SOURCE OF ACQUISITION | |
| Source of stock number/acquisition | DBAD/PUB |
| 082 ## - DEWEY DECIMAL CLASSIFICATION NUMBER | |
| Classification number | 801.95 |
| 245 ## - TITLE STATEMENT | |
| Title | 20th(Twentyth) century literary criticism: |
| Statement of responsibility, etc | ed by David Lodge |
| Remainder of title | a reader / |
| 260 ## - PUBLICATION, DISTRIBUTION, ETC. (IMPRINT) | |
| Place of publication, distribution, etc | New York |
| Name of publisher, distributor, etc | Routledge |
| Date of publication, distribution, etc | 2016 |
| 270 ## - ADDRESS | |
| Address | 711 third avenue |
| City | New York |
| Postal code | NY 10017 |
| 300 ## - PHYSICAL DESCRIPTION | |
| Extent | xx,683p. |
| Dimensions | 25cm(pbk) |
| 500 ## - GENERAL NOTE | |
| General note | inculds index |
| 700 ## - ADDED ENTRY--PERSONAL NAME | |
| Personal name | Lodge, David |
| 942 ## - ADDED ENTRY ELEMENTS (KOHA) | |
| Source of classification or shelving scheme | Dewey Decimal Classification |
| Item type | English Books |
| Classification part | 801.95 |
| Call number suffix | TWN |
| Withdrawn status | Lost status | Not for loan | Collection code | Home library | Current library | Date acquired | Source of acquisition | Cost, normal purchase price | Full call number | Barcode | Copy number | Cost, replacement price | Koha item type |
|---|---|---|---|---|---|---|---|---|---|---|---|---|---|
| Not For Loan | Non-fiction | D.B.Act.Division | Bawana | 18/01/2017 | DBAD/PUB | 1995.00 | 801.95 TWE | EN-100644 | 1 | 1995.00 | English Books | ||
| Non-fiction | Central Library | Central Library | 20/03/2017 | BPPD/EN/2016-17/307/24.11.2016/13891/5.12.2016/2.1.2017 | 1995.00 | 801.95 TWN | B-649825 | 1 | 1995.00 | English Books | |||
| Non-fiction | Janak Puri | Janak Puri | 20/03/2017 | BPPD/EN/2016-17/307/24.11.2016/13891/5.12.2016/2.1.2017 | 1995.00 | 801.95 TWN | B-649828 | 1 | 1995.00 | English Books | |||
| Non-fiction | New Police Line | New Police Line | 20/03/2017 | BPPD/EN/2016-17/307/24.11.2016/13891/5.12.2016/2.1.2017 | 1995.00 | 801.95 TWN | B-649826 | 1 | 1995.00 | English Books | |||
| Non-fiction | Patel Nagar | Patel Nagar | 20/03/2017 | BPPD/EN/2016-17/307/24.11.2016/13891/5.12.2016/2.1.2017 | 1995.00 | 801.95 TWN | B-649827 | 1 | 1995.00 | English Books |
